Kraje z największą ilością kóz - Statystyki

Ogólne statystyki
  • Ten quiz został rozwiązany 76 razy
  • Średni wynik to 32 z 50
Statystyki odpowiedzi
/km² Ilość Kraj % Poprawnych
14,4 138 383 129 Chiny
91%
40,4 132 749 780 Indie
89%
1,3 10 696 664 Brazylia
83%
4,0 4 063 208 Egipt
81%
9,1 14 992 396 Iran
80%
4,4 8 749 589 Meksyk
80%
84,1 74 134 000 Pakistan
78%
4,4 5 404 600 Republika Południowej Afryki
78%
1,6 4 567 479 Argentyna
75%
9,8 18 721 000 Indonezja
75%
17,3 27 124 703 Mongolia
75%
13,7 17 411 659 Niger
75%
85,9 79 382 178 Nigeria
75%
16,9 31 837 000 Sudan
75%
13,6 10 634 672 Turcja
75%
0,5 3 631 828 Australia
73%
1,7 4 065 709 Demokratyczna Republika Konga
73%
8,1 5 731 000 Maroko
73%
11,9 7 749 561 Afganistan
72%
28,4 36 524 515 Czad
72%
2,1 4 904 254 Algieria
70%
29,9 33 048 456 Etiopia
70%
1,7 3 706 798 Arabia Saudyjska
69%
20,3 25 224 990 Mali
66%
46,0 26 710 775 Kenia
63%
7,3 7 510 412 Mauretania
63%
3,7 4 599 013 Angola
61%
4,7 3 759 597 Mozambik
61%
10,5 6 515 860 Republika Środkowoafrykańska
61%
29,7 5 846 443 Senegal
61%
18,1 11 536 738 Somalia
61%
21,9 13 547 848 Sudan Południowy
61%
11,5 5 484 698 Kamerun
59%
12,4 4 858 342 Zimbabwe
59%
407,1 60 074 080 Bangladesz
58%
67,2 16 196 402 Uganda
58%
18,0 9 497 265 Jemen
56%
19,5 18 385 463 Tanzania
56%
3,8 2 823 147 Zambia
56%
28,2 6 720 530 Ghana
55%
6,0 4 591 807 Mjanma
55%
13,2 3 248 532 Gwinea
53%
8,5 3 806 000 Uzbekistan
53%
30,3 3 997 519 Grecja
48%
79,0 11 647 319 Nepal
45%
56,8 15 586 023 Burkina Faso
42%
12,4 3 724 808 Filipiny
42%
69,5 3 944 963 Togo
42%
70,7 8 374 006 Malawi
41%
30,7 3 699 789 Korea Północna
34%
Nie znaleziono quizów pasujących do podanych kryteriów
Rozkład punktacji
Procent ludzi z każdym wynikiem
Percentyl według liczby udzielonych odpowiedzi
Twoja historia wyników
Nie rozwiązałeś tego quizu